01743nam a2200421Ia 4500001001200000003000800012006001900020007001500039008004100054010001700095020001800112020003000130020002700160040002100187035002100208050002700229082002200256245013400278246006000412260005600472300002400528490005300552490005100605504005100656533015200707650002700859650002700886650003500913650002400948655002900972700002801001700002001029710001701049830006101066830005101127856012601178999001701304ebr10661631CaPaEBRm u cr cn|||||||||100820s2011 nyua sb 001 0 eng d z 2010034039 z9781611221534 z9781617616051 (hardcover) z1617616052 (hardcover) aCaPaEBRcCaPaEBR a(OCoLC)84764660114aLB1044.87b.P42 2011eb04a378.1/734467822200aPedagogical models the discipline of online teachingh[electronic resource] /cMichael F. Shaughnessy and Susan Fulgham, editors.18aPedagogical models :bthe discipline of online teaching a[Hauppauge], NY :bNova Science Publishers,cc2011. axiv, 232 p. :bill.1 aEducation in a competitive and globalizing world1 aComputer science, technology, and applications aIncludes bibliographical references and index. aElectronic reproduction.bPalo Alto, Calif. :cebrary,d2013.nAvailable via World Wide Web.nAccess may be limited to ebrary affiliated libraries. 0aWeb-based instruction. 0aInternet in education. 0aComputer-assisted instruction. 0aDistance education. 7aElectronic books.2local1 aShaughnessy, Michael F.1 aFulgham, Susan.2 aebrary, Inc. 0aEducation in a competitive and globalizing world series. 0aComputer science, technology and applications.40uhttp://site.ebrary.com/lib/rucke/Doc?id=10661631zAn electronic book accessible through the World Wide Web; click to view c66913d66913